Fibre optic methods for structural health monitoring

Saved in:
Bibliografiske detaljer
Main Authors: Glisic, Branko (Author), Inaudi, Daniele (Author)
Format: Bog
Sprog:engelsk
Udgivet: John Wiley and Sons 2007
Fag:
Tags: Tilføj Tag
Ingen Tags, Vær først til at tagge denne postø!

MARC

LEADER 00000cam a2200000 a 4500
001 UCF2323
003 CL-VaPUC
008 120817e20070000UK |||||||||||||||||eng|d
020 |a 9780470061428 
082 0 4 |a 621.38275  |b GLI  |2 21 
100 0 |a Glisic, Branko  |e author  |9 563918 
700 0 |a Inaudi, Daniele  |e author  |9 563919 
245 1 0 |a Fibre optic methods for structural health monitoring 
300 |a 262 p 
942 |c BK 
945 |d 20120817 00:00:00  |a dcastane 
260 |b John Wiley and Sons  |c 2007 
650 0 |a Telecomunicaciones   |9 257195 
650 7 |a FIBRA OPTICA  |2 CL-VaPUC  |9 406978 
650 0 |a Propagación de ondas  |9 263256 
583 |a last modification  |c 20120817 11:35:00  |k Rodrigo Vera 
999 |c 348894  |d 348892 
952 |0 0  |1 0  |4 0  |6 621_382750000000000_GLI_2007  |7 0  |8 A  |9 451166  |a BIBING  |b BIBING  |d 2019-11-22  |i 489099K  |o 621.38275 GLI 2007  |p 489099K  |r 2025-01-20  |w 2019-11-22  |y BK  |k EIE